|
|
|
|
| LEADER |
01207ncm a2200349 a 4500 |
| 001 |
000600282 |
| 003 |
CZ BrMZK |
| 005 |
20111220145309.0 |
| 007 |
q |
| 008 |
020514s2001 xr snaaf und d |
| 024 |
2 |
|
|a M260101104
|
| 028 |
2 |
1 |
|a H 7838
|b Editio Bärenreiter Praha
|
| 040 |
|
|
|a BOA001
|b cze
|
| 043 |
|
|
|a e-it---
|
| 045 |
|
|
|a u-u-
|
| 048 |
|
|
|b wh02
|b ke01
|
| 072 |
|
7 |
|a 788
|x Hudba pro dechové nástroje
|2 Konspekt
|9 9
|
| 080 |
|
|
|a 788.52.082.2
|2 MRF
|
| 080 |
|
|
|a 78.082.2
|2 MRF
|
| 080 |
|
|
|a 78.089.6.087
|2 MRF
|
| 100 |
1 |
|
|a Marini, Biagio,
|d 1594-1663
|7 jn20011210229
|4 cmp
|
| 245 |
1 |
0 |
|a Sonata e due canzoni per due flauti e basso continuo
|h [hudebnina] /
|c Biagio Marini
|
| 250 |
|
|
|a 1. vyd.
|
| 260 |
|
|
|a Praha :
|b Editio Bärenreiter Praha,
|c 2001
|
| 300 |
|
|
|a 1 partitura (12 s.) ;
|c 30 cm +
|e 3 hlasy
|
| 650 |
0 |
4 |
|a sonáty (zobcová flétna (2), basso continuo)
|
| 650 |
0 |
7 |
|a sonáty
|7 ph321712
|z Itálie
|y 17. stol.
|2 czenas
|
| 655 |
|
7 |
|a partitury a hlasy
|7 fd186702
|2 czenas
|
| 700 |
1 |
|
|a Klement, Miloslav,
|d 1931-
|7 jk01060385
|4 edt
|
| 910 |
|
|
|a BOA001
|b Mus4-1094.562
|
| 990 |
|
|
|a MU
|
| 996 |
6 |
|
|b 2610156462
|c Mus4-1094.562
|l MZK
|r Sklad / do 1 hodiny
|n 5
|w 000600282
|u 000010
|a 1
|e BOA001
|j MZK50
|s P
|